000 00491nam a2200181Ia 4500
003 GCL
008 140319s9999 xx 000 0 ara d
040 _aGCL /
_cGCL
082 0 4 _a641.7
_bز ف
100 1 _aزهرة الشيخ
245 1 0 _aفن الطبخ /
_cزهرة الشيخ
260 _a[S.N] :
_bالمؤسسة المتحدة للكتاب ،
_c1980
300 _a173 ص
490 _a
650 0 4 _aالاقتصاد المنزلى
650 0 4 _aالطهى
942 _2ddc
_cBK
999 _c53930
_d53930